Cities From Above - #6 - Statistics

General Stats
  • This quiz has been taken 354 times
  • The average score is 3 of 10
Answer Stats
Picture Answer % Correct
Miami
97%
Montreal
40%
Wellington
33%
Casablanca
22%
Damascus
21%
Ulaanbaatar
19%
Caracas
18%
Ho Chi Minh City
18%
Taipei
11%
Nicosia
9%
No matching quizzes found
Score Distribution
Percent of People with Each Score
Percentile by Number Answered
Your Score History
You have not taken this quiz